000 00318 a2200145 4500
001 169221
020 _a
040 _cMagnum
100 _aNascimento, Rodrigo
240 1 0 _aNatacao: nosso esporte arte
_lpor
245 1 0 _aNatacao: nosso esporte arte
362 0 _a1899
697 _aEDUCACAO FISICA
942 _cBK
999 _c169221
_d169221